000 00396nam a2200145Ia 4500
008 230711s9999||||xx |||||||||||||| ||und||
041 _aENG
082 _a621.3
_bSI-E
100 _aSiemens,Aktieng csellcchafi
245 0 _aElectrical Engineering handbook
250 _a1st . Ed.
260 _c1981
_aNew Delhi
_bNew Age International Publishers
650 _aElectrical Engineering
942 _cBK
999 _c4417
_d4417